IIT JAM physics (Record no. 120648)

MARC details
000 -LEADER
fixed length control field 00495nam a2200217Ia 4500
008 - FIXED-LENGTH DATA ELEMENTS--GENERAL INFORMATION
fixed length control field 210210b2015 xxu||||| |||| 00| 0 eng d
020 ## - INTERNATIONAL STANDARD BOOK NUMBER
International Standard Book Number 9788192440507
041 ## - LANGUAGE CODE
Language code of text/sound track or separate title eng
082 ## - DEWEY DECIMAL CLASSIFICATION NUMBER
Classification number 530.02 DEOI
100 ## - MAIN ENTRY--PERSONAL NAME
Personal name DEOARSHI (Vishal)
245 ## - TITLE STATEMENT
Title IIT JAM physics
250 ## - EDITION STATEMENT
Edition statement
260 ## - PUBLICATION, DISTRIBUTION, ETC.
Place of publication, distribution, etc. Delhi
Name of publisher, distributor, etc. Samvedna Publication
Date of publication, distribution, etc. 2015
300 ## - PHYSICAL DESCRIPTION
Extent viii,475
650 ## - SUBJECT ADDED ENTRY--TOPICAL TERM
Topical term or geographic name entry element physics
650 ## - SUBJECT ADDED ENTRY--TOPICAL TERM
Topical term or geographic name entry element JAM
650 ## - SUBJECT ADDED ENTRY--TOPICAL TERM
Topical term or geographic name entry element IIT
690 ## - LOCAL SUBJECT ADDED ENTRY--TOPICAL TERM (OCLC, RLIN)
Topical term or geographic name as entry element Physics Entrance
700 ## - ADDED ENTRY--PERSONAL NAME
Personal name AHUJA (Jyoti)
906 ## - LOCAL DATA ELEMENT F, LDF (RLIN)
a 071323
Holdings
Withdrawn status Lost status Damaged status Not for loan Collection code Home library Current library Shelving location Date acquired Source of acquisition Cost, normal purchase price Total Checkouts Total Renewals Full call number Barcode Date last seen Date last checked out Price effective from Koha item type
          St Aloysius Library St Aloysius Library   02/17/2021 Biblios Book Point, Surathkal-575014 430.00 12 1 530.02 DEOI 071323 08/02/2025 07/28/2025 02/17/2021 Book